000 00388nam a2200157Ia 4500
008 230312s9999||||xx |||||||||||||| ||und||
020 _a0-07-116365-4
082 _a005.133
_bHUB-P
100 _aJOHN r. Hubberd
245 0 _aProgramming With Java
260 _bMcGraw Hill
_aUSA
_c2000
300 _a256
546 _aEng.
650 _aComputer
_vPointers, Classes, Tables
942 _cBK
999 _c3177
_d3177